NFL Super Bowl Starters: 2023 - Statistics

General Stats
  • This quiz has been taken 63 times
  • The average score is 24 of 44
Answer Stats
Team Position Answer % Correct
PhiladelphiaEagles WR A. J. Brown
100%
PhiladelphiaEagles C JasonKelce
100%
Kansas CityChiefs LT OrlandoBrown Jr.
100%
Kansas CityChiefs TE TravisKelce
100%
PhiladelphiaEagles QB JalenHurts
98%
Kansas CityChiefs QB PatrickMahomes
98%
PhiladelphiaEagles WR DeVontaSmith
96%
Kansas CityChiefs WR JuJuSmith-Schuster
96%
Kansas CityChiefs RG TreySmith
96%
Kansas CityChiefs RB IsiahPacheco
92%
PhiladelphiaEagles S C. J.Gardner-Johnson
90%
PhiladelphiaEagles RT LaneJohnson
90%
PhiladelphiaEagles TE DallasGoedert
88%
Kansas CityChiefs DT ChrisJones
86%
PhiladelphiaEagles RB MilesSanders
82%
PhiladelphiaEagles CB DariusSlay
78%
Kansas CityChiefs C CreedHumphrey
74%
Kansas CityChiefs TE NoahGray
64%
PhiladelphiaEagles DT FletcherCox
62%
PhiladelphiaEagles LT JordanMailata
58%
Kansas CityChiefs CB L'JariusSneed
56%
PhiladelphiaEagles LG LandonDickerson
54%
Kansas CityChiefs CB TrentMcDuffie
54%
PhiladelphiaEagles CB JamesBradberry
46%
Kansas CityChiefs LG JoeThuney
46%
Kansas CityChiefs LB NickBolton
46%
PhiladelphiaEagles SAM HaasonReddick
42%
Kansas CityChiefs DE GeorgeKarlaftis
38%
Kansas CityChiefs S JustinReid
36%
Kansas CityChiefs WR MarquezValdes-Scantling
36%
PhiladelphiaEagles WR QuezWatkins
36%
PhiladelphiaEagles DE JoshSweat
26%
PhiladelphiaEagles DT JavonHargrave
22%
PhiladelphiaEagles MIKE T. J. Edwards
22%
PhiladelphiaEagles CB AvonteMaddox
18%
PhiladelphiaEagles RG IsaacSeumalo
18%
Kansas CityChiefs DE FrankClark
16%
Kansas CityChiefs LB WillieGay
14%
Kansas CityChiefs CB JaylenWatson
12%
Kansas CityChiefs DT DerrickNnadi
8%
Kansas CityChiefs RT AndrewWylie
6%
Kansas CityChiefs S JuanThornhill
4%
PhiladelphiaEagles DT LinvalJoseph
2%
PhiladelphiaEagles S MarcusEpps
2%
No matching quizzes found
Score Distribution
Percent of People with Each Score
Percentile by Number Answered
Your Score History
You have not taken this quiz